000 00962nmm a2200301 a 4500
001 ocm000955364
003 TR-IsHL
005 20201028150458.0
008 150110s2014 tu eng
007 cr cn
020 _a9781503037809
035 _a955364
_b(N$T)
050 0 4 _aPZ10.3.P47
_bS76 2014
090 0 4 _aPZ10.3.P47
_bS76 2014
100 1 _aPotter, Beatrix
245 1 0 _aThe story of a fierce bad rabbit
_h[electronic resource] /
_cBeatrix Potter ; illustrated by Murat Ukray
260 _aİstanbul :
_bE-Kitap Projesi,
_c2014
300 _a25 p.
650 4 _aDil ve Edebiyat
650 4 _aLanguage and Literature
650 0 _aGörgü ve davranış
650 0 _aManners and conduct
650 0 _aHayvan hikayeleri
650 0 _aAnimal Stories
650 7 _aJUVENILE FICTION / General
_2bisacsh
700 1 _aUkray, Murat
856 4 0 _uhttp://search.ebscohost.com/login.aspx?direct=true&scope=site&db=e011xww&AN=955364
999 _c10495
_d10495